000 00767nam a2200229Ia 4500
003 OSt
005 20220923224441.0
006 a|||||r|||| 00| 0
007 ta
008 Pun
024 _a233,067
037 _cTextual
040 _aARTS
_cARTS
_bPun
041 _2Pun
_aPun
082 _aY:1.2, 153M8
100 _aਭੁਲੇਰ, ਨਰਿੰਦਰ ਸਿੰਘ
245 0 _aਮਾਨਸ ਜਨਮ ਦੁਰਲੱਭ ਹੈ
_b ਭਾਰਤੀ ਸਭਿਅਤਾ ਬਨਾਮ ਨਵੀ੍ਵ ਪੀੜਸ਼ੀ
260 _aਬਟਾਲਾ
_b ਨਰਿੰਦਰ ਸਿੰਘ ਭੁਲੇਰ
_c1988
300 _a344ਪੰ
_ccm.
942 _hY:1.2, 153M8
_cTEXL
_2CC
999 _c371522
_d371522